<?xml version="1.0" encoding="UTF-8"?><?xml-stylesheet type="text/xsl" href="static/style.xsl"?><OAI-PMH xmlns="http://www.openarchives.org/OAI/2.0/" xmlns:xsi="http://www.w3.org/2001/XMLSchema-instance" xsi:schemaLocation="http://www.openarchives.org/OAI/2.0/ http://www.openarchives.org/OAI/2.0/OAI-PMH.xsd"><responseDate>2026-04-18T22:56:02Z</responseDate><request verb="GetRecord" identifier="oai:riubu.ubu.es:10259/8679" metadataPrefix="marc">https://riubu.ubu.es/oai/request</request><GetRecord><record><header><identifier>oai:riubu.ubu.es:10259/8679</identifier><datestamp>2024-05-03T08:18:29Z</datestamp><setSpec>com_10259_2699</setSpec><setSpec>col_10259_2725</setSpec></header><metadata><record xmlns="http://www.loc.gov/MARC21/slim" xmlns:doc="http://www.lyncode.com/xoai" xmlns:xsi="http://www.w3.org/2001/XMLSchema-instance" xmlns:dcterms="http://purl.org/dc/terms/" xsi:schemaLocation="http://www.loc.gov/MARC21/slim http://www.loc.gov/standards/marcxml/schema/MARC21slim.xsd">
<leader>00925njm 22002777a 4500</leader>
<datafield tag="042" ind1=" " ind2=" ">
<subfield code="a">dc</subfield>
</datafield>
<datafield tag="720" ind1=" " ind2=" ">
<subfield code="a">Lifi, Mohamed</subfield>
<subfield code="e">author</subfield>
</datafield>
<datafield tag="260" ind1=" " ind2=" ">
<subfield code="c">2021</subfield>
</datafield>
<datafield tag="520" ind1=" " ind2=" ">
<subfield code="a">En esta Tesis se aborda la caracterización de fluidos complejos para suministrar conocimiento&#xd;
de datos termofísicos de mezclas de hidrocarburos con aditivos oxigenados (éteres de glicol,&#xd;
éteres y alcoholes) que contribuya a la mejora de nuevos combustibles líquidos. Este objetivo&#xd;
está en línea con la perspectiva de incrementar el uso de los biocombustibles para el&#xd;
transporte como parte de la Estrategia Internacional de Eficiencia Energética para 2030.&#xd;
Los objetivos del trabajo son:&#xd;
− Determinación experimental de la entalpía de mezcla, densidad, viscosidad dinámica y&#xd;
cinemática, velocidad del sonido, índice de refracción y sus propiedades derivadas de mezclas&#xd;
binarias y ternarias, a presión atmosférica, a 298.15 y 313.15K.&#xd;
− Medida de densidad y viscosidad de compuestos puros y mezclas binarias a altas presiones,&#xd;
hasta 70 MPa, y de 293,15 hasta 393,15K.&#xd;
− Ajuste de los datos mediante ecuaciones: Redlich-Kister, Tait y Vogel-Fulcher-Tamman. Y su&#xd;
modelización mediante PC-SAFT, Peng-Robinson NRTL y UNIQUAC.</subfield>
</datafield>
<datafield tag="024" ind2=" " ind1="8">
<subfield code="a">http://hdl.handle.net/10259/8679</subfield>
</datafield>
<datafield tag="024" ind2=" " ind1="8">
<subfield code="a">10.36443/10259/8679</subfield>
</datafield>
<datafield ind1=" " ind2=" " tag="653">
<subfield code="a">Biocombustibles</subfield>
</datafield>
<datafield ind1=" " ind2=" " tag="653">
<subfield code="a">Aditivos oxigenados</subfield>
</datafield>
<datafield ind1=" " ind2=" " tag="653">
<subfield code="a">Éteres de glicol</subfield>
</datafield>
<datafield ind1=" " ind2=" " tag="653">
<subfield code="a">Propiedades termofísicas</subfield>
</datafield>
<datafield ind1=" " ind2=" " tag="653">
<subfield code="a">Modelización</subfield>
</datafield>
<datafield ind1=" " ind2=" " tag="653">
<subfield code="a">Biofuels</subfield>
</datafield>
<datafield ind1=" " ind2=" " tag="653">
<subfield code="a">Oxygenated additives</subfield>
</datafield>
<datafield ind1=" " ind2=" " tag="653">
<subfield code="a">Glycol ethers</subfield>
</datafield>
<datafield ind1=" " ind2=" " tag="653">
<subfield code="a">Thermophysical properties</subfield>
</datafield>
<datafield ind1=" " ind2=" " tag="653">
<subfield code="a">Modeling</subfield>
</datafield>
<datafield tag="245" ind1="0" ind2="0">
<subfield code="a">Investigación Experimental y Modelización de las Propiedades Termofísicas de Fluidos Complejos de Interés para la Formulación de Biocombustibles Ambientalmente Sostenibles</subfield>
</datafield>
</record></metadata></record></GetRecord></OAI-PMH>